| 000 | 00499nam a2200181Ia 4500 | ||
|---|---|---|---|
| 005 | 20250423094517.0 | ||
| 008 | 250422s9999 xx 000 0 und d | ||
| 020 | _a9782409574009 | ||
| 050 | _aHD 1375 .O33/ | ||
| 100 | _aOgbuefi, Joseph U. | ||
| 245 | 0 | _aAspects of feasibility and viability studies | |
| 260 | _aEnugu | ||
| 260 | _bInstitute for Development Studies | ||
| 260 | _c2011 | ||
| 300 | _a257 p | ||
| 650 | _a Real estate investment. Feasibility studies. | ||
| 942 | _cBK | ||
| 999 |
_c27449 _d27449 |
||